000 00709nam a22002417a 4500
003 UA-OsUOA
001 34051
007 ta
008 20050921b un ||||| |||| 00| 0 ukr d
100 _aГолобуцький В. О.
090 _a94(477)044
_bГ61
942 _cBK
040 _aUA-OsUOA
_bukr
_cUA-OsUOA
_dUA-OsUOA
245 _aЗапорізька Січ в останні часи свого існування (1734 - 1775)
300 _a421 с.
955 _a2
041 _aukr
080 _a94(477)044
020 _a966-511-380-1
260 _aДніпропетровськ
_bСіч
_c2004
650 7 _a9 Географія. Біографії. Історія
_2UDC
999 _c307460
_d307460